[Event "African-ch Open 2019"]
[Site "Hammamet"]
[Date "2019.07.16"]
[Round "8.1"]
[White "Adly, Ahmed"]
[Black "Rakotomaharo, Fy Antenaina"]
[Result "1-0"]
[WhiteElo "2618"]
[BlackElo "2419"]
[Annotator "TA"]
[PlyCount "81"]
[EventDate "2019.07.09"]
[EventType "swiss"]
[EventCountry "TUN"]
[SourceTitle "playchess.com"]
[Source "ChessBase"]
[SourceQuality "1"]

{[%evp 9,81,1,2,13,2,12,15,-13,-10,-46,-47,-52,-62,-122,-81,-78,-81,-71,-61,-77,-19,-100,-59,-121,-116,-145,-64,-160,-55,-56,-48,-58,-47,-52,-64,-52,-45,-43,-70,-43,-23,-52,-42,-45,-45,-70,-37,-90,-89,-88,-75,-129,-99,-96,-80,-79,0,0,0,0,0,0,0,0,0,0,10,12,16,8,187,197,171,180]} 1. d4 Nf6 2. g3 g6 3. Bg2 d5 4. c4 c6 5. Qa4 (5. cxd5 cxd5 6. Nf3 Bg7 7. Ne5 O-O 8. Nc3 Bf5 9. O-O Ne4 10. Bf4 Nxc3 11. bxc3 Nc6 12. Nxc6 bxc6 13. Qa4 e6 14. Qxc6 Rc8 15. Qa4 Rxc3 16. Rfc1 Rxc1+ 17. Rxc1 Qb6 18. e3 {½-½ (39) Ding,L (2812)-Carlsen,M (2845) Shamkir 2019}) 5... Nfd7 6. cxd5 {D71: Fianchetto Grünfeld: 3 g3 d5 sidelines and 5 cxd5 (without Nf3)} Nb6 {[%mdl 64] Double Attack} 7. Qd1 cxd5 8. h4 $146 {The position is equal.} ({Predecessor:} 8. e3 Nc6 9. Ne2 Bf5 10. O-O h5 11. Nf4 Bh6 12. Nd3 Qc8 {½-½ (35) Leko,P (2669)-Paravyan,D (2634) Moscow 2018}) 8... Bg7 9. h5 Nc6 10. Nf3 Bg4 11. Nc3 (11. Nh2 $15 gxh5 12. Nxg4 hxg4 13. e3) 11... Bxf3 12. Bxf3 Nxd4 13. Bg2 e6 14. e4 O-O (14... dxe4 $17 {Threatens to win with ...f5.} 15. Nxe4 O-O) 15. Kf1 (15. hxg6 $11 {remains equal.} hxg6 16. Kf1) 15... Rc8 16. a4 ({White should play} 16. hxg6 $15 fxg6 17. exd5) 16... dxe4 $1 $17 17. Bxe4 Nd5 (17... Nc4 $17 18. Ra2 Qe7 19. hxg6 fxg6) 18. Kg2 {[#]} (18. Nxd5 $15 exd5 19. Bd3) 18... Qf6 (18... Rxc3 $1 $17 19. bxc3 Nxc3 {[%mdl 64] Double Attack}) 19. Ra3 Nxc3 20. bxc3 Nf5 21. Bxb7 Rxc3 22. Bb2 {[#]} Rxg3+ $1 {[%mdl 512]} 23. Rxg3 Qxb2 24. Rb3 Qa2 {Hoping for ...Bd4.} 25. Rd3 Qc4 26. hxg6 hxg6 27. Rhh3 a5 28. Rd7 (28. Rd8 $15) 28... Bf6 29. Rhd3 Rb8 {...Rxb7! is the strong threat.} 30. Kg1 (30. Kf1 $142) 30... Kg7 31. Qb3 Qg4+ 32. Kf1 Nd4 ({Better is} 32... Ne7 $17) 33. Qd1 $11 Qxd1+ 34. Rxd1 Nb3 35. Bc6 Nc5 36. Ra7 Bc3 37. Bb5 Rh8 38. Rc7 Bb4 39. Rd4 {Strongly threatening Rf4.} Ba3 $2 (39... Nb3 $11 {and Black is okay.} 40. Rdd7 Rf8) 40. Rf4 $18 {[%mdl 1024] White has strong compensation.} Rf8 {[#]} 41. Rc4 $1 {Accuracy: White = 45%, Black = 50%.} 1-0

[Event "African-ch Open 2019"]
[Site "Hammamet"]
[Date "2019.07.16"]
[Round "8.2"]
[White "Arab, Adlane"]
[Black "Amin, Bassem"]
[Result "0-1"]
[WhiteElo "2479"]
[BlackElo "2707"]
[Annotator "TA"]
[PlyCount "50"]
[EventDate "2019.07.09"]
[EventType "swiss"]
[EventCountry "TUN"]
[SourceTitle "playchess.com"]
[Source "ChessBase"]
[SourceQuality "1"]

{[%evp 19,50,0,0,-12,0,0,-7,-11,-1,-36,-7,-50,-41,-38,-15,-64,-36,-68,-58,-61,-48,-130,-134,-475,-462,-447,-450,-554,-554,-555,-550,-538,-526]} 1. d4 Nf6 2. Nf3 g6 3. c4 Bg7 4. Nc3 O-O 5. g3 d6 6. Bg2 Nbd7 {[%cal Bb8d7,Bd7c5,Bc5d3][%mdl 32]} 7. O-O e5 8. d5 a5 9. e4 Nc5 10. Ne1 Nfd7 11. Nd3 {E67: King's Indian: Fianchetto: 6...Nbd7} Nxd3 12. Qxd3 f5 13. exf5 {The position is equal.} gxf5 14. Be3 $146 ({Predecessor:} 14. f4 e4 15. Qe2 a4 16. Qc2 Nb6 17. a3 c6 18. Rd1 cxd5 19. cxd5 {½-½ (40) Khoroshev,N (2319)-Kazhgaleyev,M (2561) Tashkent 2015}) 14... b6 15. f3 Nc5 16. Qd2 Bd7 17. g4 Qf6 18. gxf5 Bxf5 19. Ne4 Qg6 {[%cal Rc5e4]} 20. Nxc5 (20. Ng3 $15) 20... bxc5 $17 21. f4 $2 {[%mdl 8192]} (21. Kh1 $17) 21... Rab8 $19 {[#] ...exf4 is the strong threat.Black is clearly winning.} 22. fxe5 Bxe5 23. Bh6 Rxb2 24. Qg5 Qxg5 25. Bxg5 Bd3 {Accuracy: White = 15%, Black = 56%.} 0-1

[Event "African-ch Open 2019"]
[Site "Hammamet"]
[Date "2019.07.16"]
[Round "8.3"]
[White "Solomon, Kenny"]
[Black "Bellahcene, Bilel"]
[Result "0-1"]
[WhiteElo "2375"]
[BlackElo "2541"]
[Annotator "RC"]
[PlyCount "58"]
[EventDate "2019.07.09"]
[EventType "swiss"]
[EventCountry "TUN"]
[SourceTitle "playchess.com"]
[Source "ChessBase"]
[SourceQuality "1"]
[TimeControl "5400+30"]

1. d4 {[%emt 0:00:00]} Nf6 {[%emt 0:01:40]} 2. c4 {[%emt 0:00:00]} e6 {[%emt 0:00:03]} 3. Nf3 {[%emt 0:00:00]} Bb4+ {[%emt 0:00:03]} 4. Nbd2 {[%emt 0:01:45]} b6 {[%emt 0:00:08]} 5. e3 {[%emt 0:06:51]} Bb7 {[%emt 0:00:15]} 6. Bd3 {[%emt 0:00:52]} O-O {[%emt 0:01:11]} 7. O-O {[%emt 0:01:04]} d5 {[%emt 0:03:09]} 8. a3 {[%emt 0:02:03]} Bxd2 {[%emt 0:04:33]} 9. Bxd2 {[%emt 0:00:22]} Nbd7 {[%emt 0:00:49]} 10. Rc1 {[%emt 0:25:37]} dxc4 {[%emt 0:04:24]} 11. Bxc4 {[%emt 0:00:07]} Ne4 {[%emt 0:00:23]} 12. Bb4 {[%emt 0:10:49]} c5 {[%emt 0:04:02]} 13. dxc5 {[%emt 0:00:01]} bxc5 {[%emt 0:00:06]} 14. Be1 {[%emt 0:00:05]} Qe7 {[%emt 0:06:12]} 15. Ba5 {[%emt 0:04:52]} Rab8 {[%emt 0:05:32]} 16. b4 {[%emt 0:11:54]} Nb6 {[%emt 0:18:22]} 17. Be2 {[%emt 0:07:56]} Rfd8 {[%emt 0:03:34]} 18. Qe1 {[%emt 0:00:29]} Rdc8 {[%emt 0:03:26]} 19. Nd2 {[%emt 0:08:11]} Qg5 {[%emt 0:20:57]} 20. Nf3 {[%emt 0:08:56]} Qf6 {[%emt 0:00:07]} 21. bxc5 {[%emt 0:00:14]} Na4 {[%emt 0:00:07]} 22. c6 {[%emt 0:00:37]} Rxc6 {[%emt 0:01:40]} 23. Qb4 {[%emt 0:01:28]} Nec3 {[%emt 0:03:43]} 24. Rce1 {[%emt 0:02:26]} e5 {[%emt 0:05:27]} 25. Kh1 {[%emt 0:01:59]} Rcc8 {[%emt 0:00:44]} 26. Qg4 {[%emt 0:00:49]} Nxe2 {[%emt 0:00:21]} 27. Rxe2 {[%emt 0:00:43]} Ba6 {[%emt 0:00:07]} 28. Ree1 {[%emt 0:00:15]} Bxf1 {[%emt 0:00:19]} 29. Rxf1 {[%emt 0:00:01]} Qa6 {[%emt 0:00:15]} 0-1

[Event "African-ch Open 2019"]
[Site "Hammamet"]
[Date "2019.07.16"]
[Round "8.4"]
[White "El Gindy, Essam"]
[Black "Kayonde, Andrew"]
[Result "1-0"]
[WhiteElo "2423"]
[BlackElo "2382"]
[Annotator "NA"]
[PlyCount "77"]
[EventDate "2019.07.09"]
[EventType "swiss"]
[EventCountry "TUN"]
[SourceTitle "playchess.com"]
[Source "ChessBase"]
[SourceQuality "1"]
[TimeControl "5400+30"]

1. e4 {[%emt 0:00:00]} c6 {[%emt 0:00:25]} 2. d4 {[%emt 0:00:00]} d5 {[%emt 0:00:09]} 3. Nc3 {[%emt 0:00:00]} dxe4 {[%emt 0:00:52]} 4. Nxe4 {[%emt 0:00:00]} Bf5 {[%emt 0:00:09]} 5. Ng3 {[%emt 0:00:00]} Bg6 {[%emt 0:00:08]} 6. h4 {[%emt 0:00:00]} h6 {[%emt 0:00:41]} 7. Nh3 {[%emt 0:00:03]} e6 {[%emt 0:00:54]} 8. Nf4 {[%emt 0:00:11]} Bh7 {[%emt 0:00:08]} 9. c3 {[%emt 0:05:20]} Nf6 {[%emt 0:00:19]} 10. Bc4 {[%emt 0:00:00]} Bd6 {[%emt 0:08:04]} 11. Ngh5 {[%emt 0:00:01]} O-O {[%emt 0:00:43]} 12. g4 {[%emt 0:00:44]} Nxh5 {[%emt 0:43:07]} 13. Nxh5 {[%emt 0:02:27]} Be4 {[%emt 0:00:04]} 14. f3 {[%emt 0:03:00]} Bg6 {[%emt 0:00:06]} 15. Nf4 {[%emt 0:02:11]} Bh7 {[%emt 0:00:07]} 16. Be3 {[%emt 0:02:17]} Nd7 {[%emt 0:01:57]} 17. Qd2 {[%emt 0:00:38]} e5 {[%emt 0:00:09]} 18. Ne2 {[%emt 0:21:46]} exd4 {[%emt 0:02:07]} 19. cxd4 {[%emt 0:01:39]} Nb6 {[%emt 0:04:23]} 20. Bb3 {[%emt 0:01:13]} Qe7 {[%emt 0:02:44]} 21. Kf2 {[%emt 0:00:19]} c5 {[%emt 0:00:28]} 22. dxc5 {[%emt 0:03:07]} Bxc5 {[%emt 0:00:10]} 23. Bxc5 {[%emt 0:01:46]} Qxc5+ {[%emt 0:00:04]} 24. Qe3 {[%emt 0:00:09]} Qxe3+ {[%emt 0:02:26]} 25. Kxe3 {[%emt 0:00:13]} Rfe8+ {[%emt 0:00:03]} 26. Kf2 {[%emt 0:00:19]} Bd3 {[%emt 0:00:06]} 27. Nf4 {[%emt 0:01:35]} Bc4 {[%emt 0:00:25]} 28. Bxc4 {[%emt 0:01:58]} Nxc4 {[%emt 0:00:05]} 29. b3 {[%emt 0:03:14]} Ne5 {[%emt 0:00:05]} 30. h5 {[%emt 0:00:45]} a5 {[%emt 0:03:17]} 31. Rhd1 {[%emt 0:03:56]} a4 {[%emt 0:00:29]} 32. Nd5 {[%emt 0:01:38]} Ra5 {[%emt 0:00:06]} 33. b4 {[%emt 0:01:02]} Ra7 {[%emt 0:00:06]} 34. Rac1 {[%emt 0:01:10]} b5 {[%emt 0:23:13]} 35. Rc5 {[%emt 0:03:28]} Rd7 {[%emt 0:00:17]} 36. Kg3 {[%emt 0:05:43]} Kf8 {[%emt 0:00:40]} 37. Re1 {[%emt 0:14:21]} Rb7 {[%emt 0:03:53]} 38. Nc7 {[%emt 0:00:00]} Re7 {[%emt 0:00:00]} 39. Nxb5 {[%emt 0:00:00]} 1-0

[Event "African-ch Open 2019"]
[Site "Hammamet"]
[Date "2019.07.16"]
[Round "8.5"]
[White "Makoto, Rodwell"]
[Black "Amdouni, Zoubaier"]
[Result "1-0"]
[WhiteElo "2381"]
[BlackElo "2248"]
[Annotator "TA"]
[PlyCount "137"]
[EventDate "2019.07.09"]
[EventType "swiss"]
[EventCountry "TUN"]
[SourceTitle "playchess.com"]
[Source "ChessBase"]
[SourceQuality "1"]

{[%evp 13,137,20,25,7,6,14,12,11,16,0,0,0,0,0,0,0,0,-14,0,-42,-29,-42,-33,-41,0,0,0,-7,6,-35,27,26,32,0,0,-29,0,0,0,0,0,0,21,-63,-54,-48,-55,-52,-16,-87,0,-17,17,8,8,12,10,10,44,46,89,81,96,104,96,89,98,102,101,99,99,108,99,99,71,71,6471,5564,5056,913,29964,29965,29965,29966,29964,29964,29963,29965,29963,6431,29972,29973,29975,29976,29976,29978,29978,29979,29980,29981,29981,29982,29982,29983,29988,29984,29984,29985,29985,29986,29986,29987,29987,29988,29988,29988,29988,29989,29990,29990,29990,29991,29992,29990,29992,29991]} 1. Nf3 Nf6 2. c4 e6 3. g3 d5 4. d4 dxc4 5. Bg2 Nc6 6. Qa4 Bb4+ 7. Bd2 Nd5 8. Qb5 {E04: Open Catalan: 5 Nf3} (8. Bxb4 Ndxb4 9. O-O Rb8 10. Na3 O-O 11. Qb5 b6 12. Qxc4 Ba6 13. Nb5 Qe8 14. Rfc1 Nd5 15. Qxc6 Qxc6 16. Rxc6 Bxb5 17. Rc2 Rfc8 {½-½ (33) So,W (2780)-Caruana,F (2822) Saint Louis 2018}) 8... Bxd2+ 9. Nbxd2 c3 10. bxc3 {The position is equal.} Nxc3 11. Qc5 Nd5 12. O-O Qe7 13. Qc2 O-O {[#]} 14. e4 $146 ({Predecessor:} 14. Rab1 Ndb4 15. Qc4 a5 {0-1 (32) Olafsson,H (2549)-Carstensen,J (2352) Berlin 2015}) 14... Nb6 15. Rfd1 Rd8 16. Nf1 Bd7 17. Ne3 Be8 18. Rab1 Nb4 19. Qc5 Nc6 20. Qc3 a5 21. a3 a4 (21... Na7 $15) 22. d5 $11 Na5 23. Nd4 (23. Rb4 {is more complex.} h6 24. Nd4 Nb3 25. h4 Rac8 26. Nxb3 axb3 27. Qxb3 exd5 28. exd5 Qd6 29. Bh3) 23... Nb3 $1 24. dxe6 Nxd4 25. exf7+ Bxf7 26. Rxd4 Rxd4 27. Nf5 {[%mdl 64] Double Attack} Qf6 {White must now prevent ...Rd1+!} (27... Qe5 $5 {[%cal Rd4d1]} 28. Nxd4 (28. Qxd4 Qxd4 29. Nxd4 Rd8 $11) 28... Rd8 $11) 28. Qxd4 (28. Nxd4 $11 Rd8 29. Rb4 (29. Qxc7 Na8 $17)) 28... Qxd4 $15 29. Nxd4 Rd8 30. Nb5 Nc4 (30... c6 $5 {[%cal Rc6b5]} 31. Nc3 Bb3 $11) 31. e5 (31. Nc3 $11 {keeps the balance.}) 31... Nxe5 (31... c6 $1 $17 {[%cal Rc6b5]} 32. Nd6 Nxd6) 32. Bxb7 c5 33. f4 Nc4 34. Nc3 Nxa3 35. Ra1 Rb8 (35... Nc2 $5 {[%cal Rc2a1]} 36. Rxa4 g6 $11) 36. Be4 Rb3 37. Nxa4 c4 38. Nc5 Rc3 39. Kf2 {And now Ke1 would win.} g6 40. Ke2 Nb5 41. Kd2 Ra3 42. Rxa3 Nxa3 $16 {[%mdl 4096] Endgame KBN-KBN} 43. Bc6 $1 {aiming for Kc3.} Kf8 44. Kc3 {Kb2 is the strong threat.} Be8 $2 {[%mdl 8192]} (44... Ke7 $16) 45. Ne6+ $1 $18 Ke7 46. Bxe8 Kxe8 {KN-KN} 47. Nd4 Ke7 48. Kb2 Kd6 49. Kxa3 {KN-K3P} Kd5 50. Nf3 Ke4 51. Ne5 g5 52. fxg5 {White mates.} Kxe5 {K3P-KPP} 53. Kb2 Kf5 {[#]} 54. h4 $1 (54. Kc3 Kxg5 55. Kxc4 Kf5 $11) 54... Ke5 55. Kc3 Kd5 56. g4 Ke5 {[#]} 57. h5 $1 ({And not} 57. Kxc4 Kf4 $11) 57... Ke6 58. Kxc4 {KP-KP} Ke5 59. Kd3 Ke6 60. Ke4 Kf7 61. Kf5 Kg7 62. Ke6 Kf8 63. Kf6 Kg8 64. g6 hxg6 65. Kxg6 Kh8 66. g5 Kg8 67. h6 Kh8 68. Kf7 Kh7 69. g6+ {Accuracy: White = 70%, Black = 46%.} 1-0

[Event "African-ch Open 2019"]
[Site "Hammamet"]
[Date "2019.07.17"]
[Round "9.1"]
[White "Adly, Ahmed"]
[Black "Makoto, Rodwell"]
[Result "1-0"]
[WhiteElo "2618"]
[BlackElo "2381"]
[Annotator "TA"]
[PlyCount "65"]
[EventDate "2019.07.09"]
[EventType "swiss"]
[EventCountry "TUN"]
[SourceTitle "playchess.com"]
[Source "ChessBase"]
[SourceQuality "1"]

{[%evp 16,65,34,33,52,25,29,33,21,0,0,0,0,0,0,0,0,-14,0,0,0,0,0,0,10,20,27,0,0,0,0,0,0,0,0,0,0,0,0,0,333,335,340,340,334,333,334,333,760,280,758,758]} 1. Nf3 Nf6 2. g3 g6 3. Bg2 Bg7 4. d4 c6 5. c4 d5 6. O-O O-O 7. Qb3 Qb6 8. Nc3 Qxb3 9. axb3 Na6 {D78: Fianchetto Grünfeld: 6 0-0 c6} (9... Bf5 10. h3 h5 11. Bf4 Nbd7 12. cxd5 cxd5 13. Rfc1 Rfc8 14. Ne5 Nb6 15. Kh2 a6 16. Bg5 Bf8 17. Be3 {½-½ (41) Kamsky,G (2732)-Van Wely,L (2692) Wijk aan Zee 2012}) 10. cxd5 Nxd5 11. Nxd5 cxd5 {White is slightly better.} 12. Bg5 $146 ({Predecessor:} 12. Bf4 Bd7 13. Ne5 Be6 14. Ra5 Nb4 15. Rb5 Nc6 16. Rd1 Bxe5 17. dxe5 {½-½ (43) Krysa,L (2476)-Paveto,K (2454) Mar del Plata 2016}) 12... e6 13. Rfc1 Bd7 14. Bf1 Rfc8 15. e3 f6 {aiming for ...Rxc1.} 16. Bf4 Bf8 17. h4 Nb4 18. Rxc8 Bxc8 19. g4 Nc6 20. g5 f5 21. h5 gxh5 22. Kg2 Bd7 23. Be2 Rc8 24. Ne5 $36 {[%mdl 2048] White has some pressure.} Nxe5 25. Bxe5 a6 26. Bxh5 Rc2 27. Rh1 Bg7 $2 {[%mdl 8192] [#]} (27... Bb5 $11) 28. Bf7+ $1 $18 {[%mdl 576] Deflection} Kxf7 29. Rxh7 Be8 30. Rxg7+ Kf8 31. Rxb7 Rxb2 $2 (31... Bg6 32. Ra7 f4 33. Bxf4 Bd3 34. Bd6+ Kg8) 32. Bd6+ Kg8 33. Rb8 {Accuracy: White = 85%, Black = 56%.} 1-0

[Event "African-ch Open 2019"]
[Site "Hammamet"]
[Date "2019.07.17"]
[Round "9.2"]
[White "Amin, Bassem"]
[Black "Rakotomaharo, Fy Antenaina"]
[Result "1/2-1/2"]
[WhiteElo "2707"]
[BlackElo "2419"]
[Annotator "TA"]
[PlyCount "63"]
[EventDate "2019.07.09"]
[EventType "swiss"]
[EventCountry "TUN"]
[SourceTitle "playchess.com"]
[Source "ChessBase"]
[SourceQuality "1"]

{[%evp 14,63,19,15,22,25,38,30,24,20,36,34,28,-25,49,45,48,29,35,0,0,-36,-27,-36,-31,-90,41,-42,-45,-69,-64,-77,-70,-102,-111,-119,-21,-21,-21,-21,-27,-26,-17,-56,-6,-42,-36,-38,-41,-52,-38,-68]} 1. e4 e5 2. Nf3 Nc6 3. Bc4 Bc5 4. O-O Nf6 5. d3 d6 6. c3 a6 7. Bb3 Ba7 8. Re1 h6 {C54: Giuoco Piano: 4 c3 Nf6, main lines with 5 d4 and 5 d3} 9. Nbd2 g5 10. Nc4 g4 {White has an edge.} 11. Nfd2 h5 12. Nf1 h4 (12... b5 13. Nce3 h4 14. Bd5 Nxd5 15. exd5 Ne7 16. Nxg4 Bxg4 17. Qxg4 {0-1 (55) Amin,B (2710)-Fedoseev,V (2719) St Petersburg 2018}) 13. Be3 Bd7 (13... h3 $1 $11) 14. Bxa7 Nxa7 15. d4 Nc6 16. Qd3 $146 ({Predecessor:} 16. Nce3) 16... Nh5 17. g3 Qg5 18. Rad1 O-O-O 19. Qe3 (19. dxe5 $15 dxe5 20. Na3) 19... Rdg8 (19... Nf4 $17 20. gxf4 exf4) 20. Qxg5 (20. dxe5 $1 $14 dxe5 21. Qxg5 Rxg5 22. Nfe3 (22. gxh4 Rgg8 $11)) 20... Rxg5 $15 21. Nce3 Nf6 22. Ng2 {[#]} hxg3 $1 23. fxg3 exd4 24. cxd4 Re8 ({Better is} 24... Rb5 $17 25. Nh4 Rf8) 25. Bxf7 $11 Rxe4 26. Rxe4 Nxe4 27. Nd2 Nf6 (27... Rf5 {is more complex.} 28. Nxe4 Rxf7 29. Nc3 b6 30. Rd2 Kb7) 28. Nb3 Nd8 29. Bc4 (29. Rf1 $5 {[%cal Rf1f6]} Rf5 30. Bc4 $11) 29... Bb5 {Black is slightly better.} 30. Ne3 Bxc4 31. Nxc4 Nd5 32. Re1 {Accuracy: White = 41%, Black = 50%.} 1/2-1/2

[Event "African-ch Open 2019"]
[Site "Hammamet"]
[Date "2019.07.17"]
[Round "9.3"]
[White "Bellahcene, Bilel"]
[Black "El Gindy, Essam"]
[Result "0-1"]
[WhiteElo "2541"]
[BlackElo "2423"]
[Annotator "ChessBase"]
[PlyCount "194"]
[EventDate "2019.07.09"]
[EventType "swiss"]
[EventCountry "TUN"]
[SourceTitle "playchess.com"]
[Source "ChessBase"]
[SourceQuality "1"]
[TimeControl "5400+30"]

1. e4 {[%emt 0:01:52]} c5 {[%emt 0:00:00]} 2. Nf3 {[%emt 0:00:03]} Nc6 {[%emt 0:00:00]} 3. d4 {[%emt 0:00:02]} cxd4 {[%emt 0:00:00]} 4. Nxd4 {[%emt 0:00:01]} Qb6 {[%emt 0:00:10]} 5. Nb3 {[%emt 0:00:06]} Nf6 {[%emt 0:00:07]} 6. Nc3 {[%emt 0:00:03]} e6 {[%emt 0:00:04]} 7. Be3 {[%emt 0:00:29]} Qc7 {[%emt 0:00:11]} 8. Qe2 {[%emt 0:00:14]} Bb4 {[%emt 0:01:15]} 9. Bd2 {[%emt 0:01:01]} O-O {[%emt 0:03:18]} 10. Nb5 {[%emt 0:12:39]} Qe5 {[%emt 0:09:24]} 11. c3 {[%emt 0:01:41]} Be7 {[%emt 0:00:12]} 12. f3 {[%emt 0:00:01]} a6 {[%emt 0:05:51]} 13. N5d4 {[%emt 0:00:09]} d5 {[%emt 0:00:14]} 14. exd5 {[%emt 0:02:10]} Qxd5 {[%emt 0:01:40]} 15. Nxc6 {[%emt 0:05:06]} Qxc6 {[%emt 0:00:29]} 16. g3 {[%emt 0:06:03]} e5 {[%emt 0:03:47]} 17. Bg2 {[%emt 0:00:28]} Re8 {[%emt 0:00:21]} 18. O-O {[%emt 0:02:54]} Be6 {[%emt 0:02:05]} 19. Rfe1 {[%emt 0:04:40]} Bxb3 {[%emt 0:03:58]} 20. axb3 {[%emt 0:00:01]} Qb6+ {[%emt 0:00:04]} 21. Be3 {[%emt 0:01:37]} Qxb3 {[%emt 0:00:20]} 22. Bf2 {[%emt 0:00:05]} Bf8 {[%emt 0:01:28]} 23. Ra5 {[%emt 0:01:26]} Rad8 {[%emt 0:01:31]} 24. Rc1 {[%emt 0:11:11]} h6 {[%emt 0:02:30]} 25. h4 {[%emt 0:00:39]} Bd6 {[%emt 0:00:59]} 26. Qc2 {[%emt 0:01:54]} Qxc2 {[%emt 0:04:52]} 27. Rxc2 {[%emt 0:00:02]} Bc7 {[%emt 0:00:44]} 28. Ra1 {[%emt 0:02:01]} Rd3 {[%emt 0:01:30]} 29. Re1 {[%emt 0:04:54]} Red8 {[%emt 0:01:17]} 30. Rce2 {[%emt 0:02:25]} Rd2 {[%emt 0:00:39]} 31. Kf1 {[%emt 0:00:16]} R2d3 {[%emt 0:02:09]} 32. Re3 {[%emt 0:00:32]} R3d7 {[%emt 0:02:15]} 33. Bh3 {[%emt 0:01:25]} Rd2 {[%emt 0:04:29]} 34. R3e2 {[%emt 0:00:41]} a5 {[%emt 0:00:55]} 35. Bf5 {[%emt 0:00:43]} b6 {[%emt 0:01:13]} 36. Rxd2 {[%emt 0:02:36]} Rxd2 {[%emt 0:00:04]} 37. Re2 {[%emt 0:00:00]} Rd1+ {[%emt 0:01:02]} 38. Re1 {[%emt 0:00:03]} Rxe1+ {[%emt 0:02:15]} 39. Kxe1 {[%emt 0:00:15]} Ne8 {[%emt 0:00:19]} 40. Be4 {[%emt 0:00:00]} Kf8 {[%emt 0:00:00]} 41. Ke2 {[%emt 0:00:00]} Ke7 {[%emt 0:00:00]} 42. g4 {[%emt 0:00:00]} Nf6 {[%emt 0:00:00]} 43. Bb7 {[%emt 0:00:00]} h5 {[%emt 0:00:00]} 44. gxh5 {[%emt 0:00:00]} Nxh5 {[%emt 0:00:00]} 45. Kd3 {[%emt 0:00:00]} b5 {[%emt 0:00:00]} 46. b4 {[%emt 0:00:00]} Nf4+ {[%emt 0:00:00]} 47. Kc2 {[%emt 0:00:00]} axb4 {[%emt 0:00:00]} 48. cxb4 {[%emt 0:00:00]} Bd6 {[%emt 0:00:00]} 49. Bc6 {[%emt 0:00:00]} Bxb4 {[%emt 0:00:00]} 50. Bxb5 {[%emt 0:00:00]} Kf6 {[%emt 0:00:00]} 51. Bc4 {[%emt 0:00:00]} g6 {[%emt 0:00:00]} 52. Kd1 {[%emt 0:00:00]} Bc3 {[%emt 0:00:00]} 53. Be3 {[%emt 0:00:00]} Nh5 {[%emt 0:00:00]} 54. Ke2 {[%emt 0:00:00]} Ng3+ {[%emt 0:00:00]} 55. Kd3 {[%emt 0:00:00]} Be1 {[%emt 0:00:00]} 56. Bb6 {[%emt 0:01:40]} Nf5 {[%emt 0:01:31]} 57. Bd8+ {[%emt 0:00:44]} Kg7 {[%emt 0:00:13]} 58. Bc7 {[%emt 0:00:02]} f6 {[%emt 0:05:38]} 59. h5 {[%emt 0:00:34]} gxh5 {[%emt 0:07:31]} 60. f4 {[%emt 0:00:08]} exf4 {[%emt 0:00:57]} 61. Bxf4 {[%emt 0:00:42]} Kg6 {[%emt 0:01:34]} 62. Ke4 {[%emt 0:00:21]} Bh4 {[%emt 0:02:00]} 63. Bd3 {[%emt 0:03:24]} Ng7 {[%emt 0:01:43]} 64. Kf3+ {[%emt 0:00:05]} f5 {[%emt 0:00:13]} 65. Bb5 {[%emt 0:00:03]} Bg5 {[%emt 0:00:42]} 66. Be5 {[%emt 0:00:33]} Bf6 {[%emt 0:01:42]} 67. Bd6 {[%emt 0:00:01]} Ne6 {[%emt 0:01:32]} 68. Bd7 {[%emt 0:02:04]} Nd4+ {[%emt 0:00:33]} 69. Kg3 {[%emt 0:00:21]} h4+ {[%emt 0:00:24]} 70. Kh3 {[%emt 0:00:11]} Nf3 {[%emt 0:02:23]} 71. Bf4 {[%emt 0:03:02]} Bg5 {[%emt 0:01:46]} 72. Bc7 {[%emt 0:00:52]} Ng1+ {[%emt 0:00:56]} 73. Kg2 {[%emt 0:00:21]} Ne2 {[%emt 0:01:58]} 74. Be8+ {[%emt 0:00:31]} Kg7 {[%emt 0:02:06]} 75. Bd7 {[%emt 0:00:45]} Kf6 {[%emt 0:00:20]} 76. Bd8+ {[%emt 0:00:45]} Kg6 {[%emt 0:00:04]} 77. Be8+ {[%emt 0:00:04]} Kh6 {[%emt 0:00:04]} 78. Bc7 {[%emt 0:01:03]} Bf6 {[%emt 0:01:22]} 79. Bb5 {[%emt 0:10:39]} Nc3 {[%emt 0:00:14]} 80. Bc4 {[%emt 0:01:18]} Kg5 {[%emt 0:01:58]} 81. Kf3 {[%emt 0:00:06]} Ne4 {[%emt 0:01:50]} 82. Bf7 {[%emt 0:01:52]} Nd2+ {[%emt 0:03:49]} 83. Ke2 {[%emt 0:01:54]} Bc3 {[%emt 0:00:12]} 84. Bd8+ {[%emt 0:00:47]} Kg4 {[%emt 0:00:25]} 85. Bd5 {[%emt 0:07:08]} h3 {[%emt 0:01:46]} 86. Bb6 {[%emt 0:01:13]} Ne4 {[%emt 0:00:33]} 87. Bxe4 {[%emt 0:02:18]} fxe4 {[%emt 0:00:20]} 88. Kf2 {[%emt 0:00:05]} Be1+ {[%emt 0:02:00]} 89. Kg1 {[%emt 0:01:13]} Bg3 {[%emt 0:00:11]} 90. Kh1 {[%emt 0:01:51]} Kf3 {[%emt 0:00:25]} 91. Bc5 {[%emt 0:02:12]} Bf2 {[%emt 0:00:14]} 92. Bb4 {[%emt 0:00:06]} e3 {[%emt 0:00:08]} 93. Kh2 {[%emt 0:00:06]} Kg4 {[%emt 0:00:06]} 94. Bc5 {[%emt 0:02:13]} Bg3+ {[%emt 0:00:06]} 95. Kg1 {[%emt 0:00:12]} e2 {[%emt 0:00:09]} 96. Bb4 {[%emt 0:00:04]} Kf3 {[%emt 0:00:11]} 97. Ba5 {[%emt 0:01:38]} Ke3 {[%emt 0:02:35] Kf1} 0-1